Library of the University of Algiers 3
Ibrahim Sultan Cheibout
شعار جامعة الجزائر 3
مكتبة جامعة الجزائر 3
إبراهيم سلطان شيبوط

إفشاء السر المصرفي بين الحظر و الاباحة : (رقم التسجيلة. 44150)

تفاصيل مارك
000 -LEADER
fixed length control field 01202nam a2200217Ia 4500
003 - CONTROL NUMBER IDENTIFIER
control field Ost
005 - DATE AND TIME OF LATEST TRANSACTION
control field 20260507075352.0
008 - FIXED-LENGTH DATA ELEMENTS--GENERAL INFORMATION
fixed length control field 260507s9999||||xx |||||||||||||| ||und||
020 ## - INTERNATIONAL STANDARD BOOK NUMBER
International Standard Book Number 48483289779
040 ## - CATALOGING SOURCE
Transcribing agency fsecg
041 ## - LANGUAGE CODE
Language code of text/sound track or separate title ara
082 ## - DEWEY DECIMAL CLASSIFICATION NUMBER
Classification number 330
100 ## - MAIN ENTRY--PERSONAL NAME
Personal name سلامة، محمد عبد الحي ابراهيم
Relator term مؤلف
245 #0 - TITLE STATEMENT
Title إفشاء السر المصرفي بين الحظر و الاباحة :
Remainder of title دراسة مقارنة /
Statement of responsibility, etc. محمد عبد الحي ابراهيم سلامة
260 ## - PUBLICATION, DISTRIBUTION, ETC.
Place of publication, distribution, etc. الإسكندرية:
Name of publisher, distributor, etc. دار الجامعة الجديدة,
Date of publication, distribution, etc. 2012
300 ## - PHYSICAL DESCRIPTION
Extent 405 صفحة؛
Other physical details إيضاحات ؛
Dimensions 24 سم
520 ## - SUMMARY, ETC.
Summary, etc. الإلتزام بالسر المصرفي- ماهية الإلتزام بالسر المصرفي و أهميته و تطوره ونطاقه- الإخلال بالإلتزام بالسر المصرفي- آثار الإخلال بالإلتزام بالسر المصرفي- المسؤولية القانونية من إفشاء السر المصرفي- الإستثناءات التي يباح فيها كشف أسرار العميل
653 ## - INDEX TERM--UNCONTROLLED
Uncontrolled term الآداب القانونية
653 ## - INDEX TERM--UNCONTROLLED
Uncontrolled term البنوك- السرية
942 ## - ADDED ENTRY ELEMENTS (KOHA)
Koha item type كتب
المقتنيات
Withdrawn status Lost status Source of classification or shelving scheme Damaged status Not for loan Home library Current library Date acquired Serial enumeration / chronology Inventory number Total checkouts Full call number Barcode Date last seen Price effective from Koha item type
    Dewey Decimal Classification   NOT LOAN / إعارة داخلية مكتبة كلية العلوم الإقتصادية والعلوم التجارية وعلوم التسيير مكتبة كلية العلوم الإقتصادية والعلوم التجارية وعلوم التسيير 07/05/2026 الطابق الأرضي 25049   أ/4207ن1 25049 07/05/2026 07/05/2026 كتب
    Dewey Decimal Classification   Available مكتبة كلية العلوم الإقتصادية والعلوم التجارية وعلوم التسيير مكتبة كلية العلوم الإقتصادية والعلوم التجارية وعلوم التسيير 07/05/2026 الطابق الأرضي 25050   أ/4207ن2 25050 07/05/2026 07/05/2026 كتب
    Dewey Decimal Classification   Available مكتبة كلية العلوم الإقتصادية والعلوم التجارية وعلوم التسيير مكتبة كلية العلوم الإقتصادية والعلوم التجارية وعلوم التسيير 07/05/2026 الطابق الثاني 25051   أ/4207ن3 25051 07/05/2026 07/05/2026 كتب

موارد الويب المفتوحة


© University of Algiers 3 All Rights Reserved
|
Implemented by LECHELAH Riad